Contribución sobre las utilidades de la riqueza mobiliaria con todas las modificaciones introducidas por la Ley de Reforma Tributaria. (Record no. 47125)

MARC details
000 -LEADER
campo de control de longitud fija 00503nam a2200145 i 4500
001 - NÚMERO DE CONTROL
campo de control 47125
003 - IDENTIFICADOR DE NÚMERO DE CONTROL
campo de control ES-MaACL
005 - FECHA Y HORA DE LA ÚLTIMA TRANSACCIÓN
campo de control 20230906161516.0
007 - CAMPO FIJO DE DESCRIPCIÓN FÍSICA--INFORMACIÓN GENERAL
campo de control de longitud fija t|
008 - DATOS DE LONGITUD FIJA--INFORMACIÓN GENERAL
campo de control de longitud fija 030403q1942 sp ||||1| spa d
245 00 - MENCIÓN DEL TÍTULO
Título Contribución sobre las utilidades de la riqueza mobiliaria con todas las modificaciones introducidas por la Ley de Reforma Tributaria.
260 ## - PUBLICACIÓN, DISTRIBUCIÓN, ETC.
Lugar de publicación, distribución, etc. Barcelona :
Nombre del editor, distribuidor, etc. Sociedad Fiduciaria Barcelonesa,
Fecha de publicación, distribución, etc. [1942?] (
Fabricante Yuste)
300 ## - DESCRIPCIÓN FÍSICA
Extensión 186 p. ;
Dimensiones 17 cm.
852 ## - LOCALIZACIÓN
Ubicación ES-MaACL
Número de control de estantería C-4433
Sublocalización o colección R.24190
Holdings
Estatus retirado Estado de pérdida Estado de daño No para préstamo Biblioteca de origen Biblioteca actual Ubicación en estantería Fecha de adquisición Fuente de adquisición Total de préstamos Signatura topográfica completa Código de barras Visto por última vez Precio de reemplazo Tipo de ítem Koha
        Biblioteca del Ateneo de Madrid Biblioteca del Ateneo de Madrid Sala Palomar 17/01/2008     C-4433 1049568 23/02/2023 23/02/2023 Libro impreso